Statistics for Rate Your Music's Top 100 Films

Click here to take the quiz!

General Stats

  • This quiz has been taken 124 times
  • The average score is 41 of 100

Answer Stats

Director / YearFilm% Correct
Quentin Tarantino (1994)Pulp Fiction
96%
Francis Ford Coppola (1972)The Godfather
96%
Stanley Kubrick (1968)2001: A Space Odyssey
93%
Francis Ford Coppola (1974)The Godfather: Part II
89%
Fritz Lang (1931)M
88%
Alfred Hitchcock (1960)Psycho
86%
Martin Scorsese (1976)Taxi Driver
79%
Stanley Kubrick (1971)A Clockwork Orange
78%
Stanley Kubrick (1980)The Shining
78%
Francis Ford Coppola (1979)Apocalypse Now
74%
Ridley Scott (1979)Alien
73%
Orson Welles (1941)Citizen Kane
72%
Quentin Tarantino (1992)Reservoir Dogs
72%
George Lucas (1977)Star Wars
71%
Martin Scorsese (1990)GoodFellas
70%
Akira Kurosawa (1954)Seven Samurai
64%
Sergio Leone (1966)The Good, the Bad and the Ugly
64%
Alfred Hitchcock (1958)Vertigo
64%
David Lynch (2001)Mulholland Dr.
63%
Ethan Coen / Joel Coen (1996)Fargo
62%
Hayao Miyazaki (2001)Spirited Away
59%
Ethan Coen / Joel Coen (2007)No Country for Old Men
58%
Sidney Lumet (1957)12 Angry Men
57%
Stanley Kubrick (1987)Full Metal Jacket
57%
Ridley Scott (1982)Blade Runner
56%
Alfred Hitchcock (1954)Rear Window
56%
Paul Thomas Anderson (2007)There Will Be Blood
56%
Stanley Kubrick (1964)Dr. Strangelove, or: How I Learned to Stop Worrying and Love the Bomb
54%
Miloš Forman (1975)One Flew Over the Cuckoo's Nest
54%
David Lynch (1986)Blue Velvet
52%
David Fincher (1999)Fight Club
52%
John Carpenter (1982)The Thing
49%
Christopher Nolan (2000)Memento
48%
Ethan Coen / Joel Coen (1998)The Big Lebowski
48%
Andrei Tarkovsky (1979)Stalker
47%
Sergio Leone (1968)Once Upon a Time in the West
46%
Ingmar Bergman (1966)Persona
46%
Woody Allen (1977)Annie Hall
45%
David Lynch (1977)Eraserhead
45%
Frank Darabont (1994)The Shawshank Redemption
44%
Alfred Hitchcock (1959)North by Northwest
43%
Ingmar Bergman (1957)The Seventh Seal
43%
Charlie Chaplin (1936)Modern Times
42%
Sergio Leone (1984)Once Upon a Time in America
41%
Stanley Kubrick (1975)Barry Lyndon
40%
Roman Polański (1968)Rosemary's Baby
40%
Michael Curtiz (1942)Casablanca
39%
Hayao Miyazaki (1997)Princess Mononoke
38%
Fritz Lang (1927)Metropolis
37%
Park Chan-wook (2003)Oldboy
37%
David Lynch (1990)Twin Peaks
37%
Billy Wilder (1950)Sunset Blvd.
36%
Charlie Chaplin (1931)City Lights
35%
Terry Jones / Terry Gilliam (1975)Monty Python and the Holy Grail
35%
Stanley Kubrick (1957)Paths of Glory
35%
Irvin Kershner (1980)The Empire Strikes Back
35%
Jonathan Demme (1991)The Silence of the Lambs
35%
Roman Polański (1974)Chinatown
34%
Federico Fellini (1963)
33%
Akira Kurosawa (1985)Ran
33%
Andrei Tarkovsky (1972)Solaris
33%
David Lynch (1980)The Elephant Man
33%
Akira Kurosawa (1950)Rashomon
32%
Andrei Tarkovsky (1975)The Mirror
31%
Elem Klimov (1985)Come and See
30%
Masaki Kobayashi (1962)Harakiri
30%
David Lean (1962)Lawrence of Arabia
30%
Billy Wilder (1960)The Apartment
30%
Andrei Tarkovsky (1966)Andrei Rublev
28%
Ingmar Bergman (1957)Wild Strawberries
25%
Fernando Meirelles (2002)City of God
24%
Yasujiro Ozu (1953)Tokyo Story
24%
Ingmar Bergman (1982)Fanny and Alexander
23%
Federico Fellini (1960)La dolce vita
23%
Wim Wenders (1984)Paris, Texas
23%
Béla Tarr (1994)Satan's Tango
23%
Vittorio De Sica (1948)Bicycle Thieves
22%
Carl Th. Dreyer (1928)The Passion of Joan of Arc
21%
Carol Reed (1949)The Third Man
20%
John Cassavetes (1974)A Woman Under the Influence
19%
Isao Takahata (1988)Grave of the Fireflies
19%
Werner Herzog (1972)Aguirre: The Wrath of God
17%
Michel Gondry (2004)Eternal Sunshine of the Spotless Mind
17%
Akira Kurosawa (1952)Ikiru
17%
Kazuya Tsurumaki / Hideaki Anno (1997)Neon Genesis Evangelion: The End of Evangelion
15%
Akira Kurosawa (1963)High and Low
14%
Carl Th. Dreyer (1955)Ordet
13%
F. W. Murnau (1927)Sunrise: A Song of Two Humans
13%
Edward Yang (1991)A Brighter Summer Day
11%
Don Hertzfeldt (2012)It's Such a Beautiful Day
11%
Marcel Carné (1945)Children of Paradise
10%
Béla Tarr (2000)Werckmeister Harmonies
10%
Billy Wilder (1944)Double Indemnity
9%
Jonathan Demme (1984)Stop Making Sense
9%
Hiroshi Teshigahara (1964)Woman in the Dunes
9%
Jonas Mekas (2000)As I Was Moving Ahead Occasionally I Saw Brief Glimpses of Beauty
7%
Jacques Becker (1960)The Hole
7%
Kenji Mizoguchi (1954)Sansho the Bailiff
6%
Masaki Kobayashi (1961)The Human Condition III: A Soldier's Prayer
6%
Wang Bing (2002)Tie Xi Qu: West of the Tracks
6%

Score Distribution

Percentile by Number Answered

Percent of People with Each Score

Your Score History

You have not taken this quiz